Countries by Letter - R - Statistics

General Stats
  • This quiz has been taken 28 times
  • The average score is 25 of 92
Answer Stats
Official Name % Correct
Republic of Rwanda
100%
Romania
74%
Russian Federation
74%
Republic of the Congo
67%
Republic of Ghana
37%
Republic of Honduras
37%
Republic of Nicaragua
37%
Republic of Panama
37%
Republic of China
33%
Republic of Costa Rica
33%
Republic of India
33%
Republic of Indonesia
33%
Republic of Iraq
33%
Republic of Korea
33%
Republic of Malawi
33%
Republic of North Macedonia
33%
Republic of Serbia
33%
Republic of South Africa
33%
Republic of Uganda
33%
Republic of Armenia
30%
Republic of Croatia
30%
Republic of Djibouti
30%
Republic of Finland
30%
Republic of Kenya
30%
Republic of Lithuania
30%
Republic of Paraguay
30%
Republic of Peru
30%
Republic of Turkey
30%
Republic of Austria
26%
Republic of Belarus
26%
Republic of Benin
26%
Republic of Burundi
26%
Republic of Chile
26%
Republic of Ecuador
26%
Republic of El Salvador
26%
Republic of Estonia
26%
Republic of Guatemala
26%
Republic of Haiti
26%
Republic of Kazakhstan
26%
Republic of Latvia
26%
Republic of Maldives
26%
Republic of Mali
26%
Republic of Nauru
26%
Republic of Palau
26%
Republic of San Marino
26%
Republic of Slovenia
26%
Republic of the Philippines
26%
Republic of Zambia
26%
Republic of Zimbabwe
26%
Republic of Albania
22%
Republic of Angola
22%
Republic of Botswana
22%
Republic of Cameroon
22%
Republic of Chad
22%
Republic of Côte d'Ivoire
22%
Republic of Cuba
22%
Republic of Cyprus
22%
Republic of Fiji
22%
Republic of Guinea
22%
Republic of Guinea-Bissau
22%
Republic of Liberia
22%
Republic of Malta
22%
Republic of Mauritius
22%
Republic of Moldova
22%
Republic of Mozambique
22%
Republic of Namibia
22%
Republic of Poland
22%
Republic of Senegal
22%
Republic of Seychelles
22%
Republic of the Gambia
22%
Republic of Uzbekistan
22%
Republic of Azerbaijan
19%
Republic of Bulgaria
19%
Republic of Colombia
19%
Republic of Equatorial Guinea
19%
Republic of Madagascar
19%
Republic of Niger
19%
Republic of Sierra Leone
19%
Republic of South Sudan
19%
Republic of Suriname
19%
Republic of Tajikistan
19%
Republic of the Sudan
19%
Republic of Yemen
19%
Republic of Kiribati
15%
Republic of Kosovo
15%
Republic of Singapore
15%
Republic of the Union of Myanmar
15%
Republic of Tunisia
15%
Republic of Cabo Verde
11%
Republic of the Marshall Islands
11%
Republic of Trinidad and Tobago
11%
Republic of Vanuatu
11%
No matching quizzes found
Score Distribution
Percent of People with Each Score
Percentile by Number Answered
Your Score History
You have not taken this quiz